| 000 | nam a22 7a 4500 | ||
|---|---|---|---|
| 999 |
_c128871 _d128871 |
||
| 008 | 190131b xxu||||| |||| 00| 0 eng d | ||
| 050 | _aLA1591.S933 | ||
| 245 |
_aState of the education sector in Zimbabwe 2008 _cStudents Solidarity Trust _binside pandora's box 2008 |
||
| 260 |
_aHarare _bStudents Solidarity Trust _c2008 |
||
| 300 |
_a44p. ; _c28cm. |
||
| 650 |
_aEducation _zZimbabwe _927081 |
||
| 942 |
_2lcc _cMONOGRAPH |
||